Loading...
| History - World | 1 | 2 | 0 | 2 | 35 | 54 | 112.67 | 0 | 3 | 0.00 | 0.00 |
| Fine Arts - Other | 0 | 3 | 1 | 1 | 25 | 110 | 134.33 | 1 | 3 | 0.00 | 0.00 |
| History - American | 1 | 1 | 0 | 1 | 25 | 61 | 103.50 | 2 | 2 | 0.00 | 0.00 |
| Short Fiction and Other | 0 | 2 | 0 | 1 | 20 | 87 | 117.50 | 2 | 2 | 0.00 | 0.00 |
| Literature - Poetry | 0 | 2 | 0 | 1 | 20 | 98 | 120.50 | 1 | 2 | 0.00 | 0.00 |
| Fine Arts - Classical Music | 0 | 1 | 0 | 0 | 10 | 115 | 115.00 | 0 | 1 | 0.00 | 0.00 |
| Literature - Drama | 0 | 1 | 0 | 1 | 10 | 152 | 152.00 | 0 | 1 | 0.00 | 0.00 |
| Literature - Long Fiction | 0 | 1 | 0 | 0 | 10 | 150 | 150.00 | 0 | 1 | 0.00 | 0.00 |
| Philosophy | 0 | 1 | 0 | 0 | 10 | 120 | 120.00 | 1 | 1 | 0.00 | 0.00 |
| Science - Physics | 0 | 1 | 0 | 1 | 10 | 131 | 131.00 | 0 | 1 | 0.00 | 0.00 |
| Fine Arts - Painting and Sculpture | 0 | 1 | 1 | 1 | 5 | 153 | 153.00 | 1 | 1 | 0.00 | 0.00 |
| Science - Chemistry | 0 | 0 | 1 | 0 | -5 | 0.00 | 0 | 0 | 0.00 | 0.00 | |
| Social Science | 0 | 0 | 1 | 0 | -5 | 0.00 | 0 | 0 | 0.00 | 0.00 | |
| History - Other | 0 | 0 | 1 | 0 | -5 | 0.00 | 0 | 0 | 0.00 | 0.00 |